| 000 | 00507nam a22001697a 4500 | ||
|---|---|---|---|
| 005 | 20240920071142.0 | ||
| 008 | 240920b |||||||| |||| 00| 0 eng d | ||
| 020 | _a070212575 X | ||
| 041 | _aEnglish | ||
| 082 | _a348 FIS | ||
| 100 | _lEnglish | ||
| 245 | _aJuta's Index and Annotations to the South African Law Reports 1987-1991 | ||
| 260 |
_aCape Town: _bJuta and Company Ltd, _c1992 |
||
| 300 |
_b879 pages; _c26 cm. |
||
| 650 |
_aLegal practice _bLaw |
||
| 942 |
_cBK _6ALISON_BN_VRIES |
||
| 999 |
_c3048 _d3048 |
||